Dietary fibre new frontiers for food and health /

Bibliographic Details
Corporate Author: ProQuest (Firm)
Other Authors: Kamp, Jan Willem van der.
Format: Electronic eBook
Language:English
Published: Wageningen : Wageningen Academic Publishers, 2010.
Subjects:
Online Access:Click to View
LEADER 01562nam a2200349 a 4500
001 EBC3415211
003 MiAaPQ
005 20200520144314.0
006 m o d |
007 cr cn|||||||||
008 130502s2010 ne ad sb 001 0 eng d
020 |z 9789086861286 
020 |z 9789086866922 (e-book) 
035 |a (MiAaPQ)EBC3415211 
035 |a (Au-PeEL)EBL3415211 
035 |a (CaPaEBR)ebr10688341 
035 |a (OCoLC)923505590 
040 |a MiAaPQ  |c MiAaPQ  |d MiAaPQ 
050 4 |a QP144.F52  |b D54 2010 
245 0 0 |a Dietary fibre  |h [electronic resource] :  |b new frontiers for food and health /  |c edited by Jan Willem van der Kamp ... [et al.]. 
260 |a Wageningen :  |b Wageningen Academic Publishers,  |c 2010. 
300 |a 586 p. :  |b ill. 
504 |a Includes bibliographical references and index. 
505 0 |a pt. 1. Definition and analysis -- pt. 2. Raw materials, processing and products -- pt. 3. Dietary fibre and health -- pt. 4. Resistant starch -- pt. 5. Dietary fibre and co-passengers -- pt. 6. Glycemic response -- pt. 7. Impact on appetite, satiety and obesity. 
533 |a Electronic reproduction. Ann Arbor, MI : ProQuest, 2015. Available via World Wide Web. Access may be limited to ProQuest affiliated libraries. 
650 0 |a Fiber in human nutrition. 
650 0 |a Food  |x Fiber content. 
650 0 |a High-fiber diet. 
655 4 |a Electronic books. 
700 1 |a Kamp, Jan Willem van der. 
710 2 |a ProQuest (Firm) 
856 4 0 |u https://ebookcentral.proquest.com/lib/matrademy/detail.action?docID=3415211  |z Click to View